<?xml version="1.0" encoding="UTF-8"?>
<record
    xmlns:xsi="http://www.w3.org/2001/XMLSchema-instance"
    xsi:schemaLocation="http://www.loc.gov/MARC21/slim http://www.loc.gov/standards/marcxml/schema/MARC21slim.xsd"
    xmlns="http://www.loc.gov/MARC21/slim">

  <leader>006110000a22001810004500</leader>
  <datafield tag="090" ind1=" " ind2=" ">
    <subfield code="a">AR</subfield>
    <subfield code="b">02335</subfield>
  </datafield>
  <datafield tag="245" ind1="1" ind2="0">
    <subfield code="a">Exploraci&#xF3;n bot&#xE1;nica e informaci&#xF3;n b&#xE1;sica sobre &#xE1;rboles del g&#xE9;nero Gustavia, usados en la alimentaci&#xF3;n regional de Colombia</subfield>
  </datafield>
  <datafield tag="650" ind1="1" ind2="4">
    <subfield code="a">Bot&#xE1;nica</subfield>
    <subfield code="9">361</subfield>
  </datafield>
  <datafield tag="650" ind1="1" ind2="4">
    <subfield code="a">Alimentaci&#xED;on humana</subfield>
    <subfield code="9">95862</subfield>
  </datafield>
  <datafield tag="650" ind1="1" ind2="4">
    <subfield code="a">Plantas &#xFA;tiles</subfield>
    <subfield code="9">92936</subfield>
  </datafield>
  <datafield tag="651" ind1=" " ind2="4">
    <subfield code="p">Colombia</subfield>
    <subfield code="9">92749</subfield>
  </datafield>
  <datafield tag="653" ind1=" " ind2=" ">
    <subfield code="g">Gustavia</subfield>
    <subfield code="e">Gustavia speciosa</subfield>
  </datafield>
  <datafield tag="653" ind1=" " ind2=" ">
    <subfield code="g">Gustavia</subfield>
    <subfield code="e">Gustavia superba</subfield>
  </datafield>
  <datafield tag="041" ind1="0" ind2=" ">
    <subfield code="a">Espa&#xF1;ol</subfield>
  </datafield>
  <datafield tag="100" ind1="1" ind2=" ">
    <subfield code="a">Pati&#xF1;o, Victor Manuel</subfield>
    <subfield code="9">15338</subfield>
  </datafield>
  <datafield tag="942" ind1=" " ind2=" ">
    <subfield code="c">ARTICULO</subfield>
  </datafield>
  <datafield tag="773" ind1="1" ind2=" ">
    <subfield code="t">Cespedesia</subfield>
    <subfield code="3">124</subfield>
    <subfield code="h">60</subfield>
    <subfield code="q">21-25</subfield>
    <subfield code="d">1991</subfield>
    <subfield code="g">18</subfield>
  </datafield>
  <datafield tag="999" ind1=" " ind2=" ">
    <subfield code="c">11406</subfield>
    <subfield code="d">11406</subfield>
  </datafield>
  <datafield tag="952" ind1=" " ind2=" ">
    <subfield code="0">0</subfield>
    <subfield code="1">0</subfield>
    <subfield code="4">0</subfield>
    <subfield code="7">1</subfield>
    <subfield code="8">HEMEROTECA</subfield>
    <subfield code="a">Bogota</subfield>
    <subfield code="b">Bogota</subfield>
    <subfield code="d">2015-02-27</subfield>
    <subfield code="h">Fuera de circulaci&#xF3;n</subfield>
    <subfield code="l">0</subfield>
    <subfield code="o">AR 02335</subfield>
    <subfield code="p">012748</subfield>
    <subfield code="r">2015-03-25 00:00:00</subfield>
    <subfield code="t">1</subfield>
    <subfield code="w">2015-03-25</subfield>
    <subfield code="x">Donaci&#xF3;n</subfield>
    <subfield code="y">ARTICULO</subfield>
  </datafield>
</record>
